| 000 | 01306nam a22003495a 4500 | ||
|---|---|---|---|
| 008 | 081130t2001 xxua|||frb||| 001 0 eng d | ||
| 010 | _a 2002275427 | ||
| 020 | _a0471894893 | ||
| 020 | _a9780471894896 | ||
| 035 | _a(OCoLC)ocm47759207 | ||
| 040 |
_aEG-ScBUE _beng _cEG-ScBUE |
||
| 082 | 0 | 4 |
_a003 _bWIL |
| 100 | 1 | _aWilson, Brian. | |
| 245 | 1 | 0 |
_aSoft systems methodology : _bconceptual model building and its contribution / _cBrian Wilson. |
| 260 |
_aChichester ; _aNew York : _bWiley, _cc2001. |
||
| 300 |
_axvii, 260 p. : _bill. ; _c25 cm. |
||
| 500 | _aIndex : p. 259-260. | ||
| 500 | _aAppendix : p. 222-255. | ||
| 504 | _aIncludes bibliographical references . | ||
| 511 | _aCatalogued by: Sara | ||
| 590 | _aMenna Elemam | ||
| 650 | 0 |
_aSystem theory. _2BUEsh |
|
| 650 | 0 |
_aProblem solving. _2BUEsh |
|
| 650 | 0 |
_aLinguistic models. _2BUEsh |
|
| 650 | 0 |
_aSystem analysis. _2BUEsh |
|
| 651 | _2BUEsh | ||
| 653 |
_bCOMSCI _cAugust2015 |
||
| 856 | 4 | 2 |
_3Contributor biographical information _uhttp://www.loc.gov/catdir/bios/wiley042/2002275427.html |
| 856 | 4 | 2 |
_3Publisher description _uhttp://www.loc.gov/catdir/description/wiley034/2002275427.html |
| 856 | 4 | 2 |
_3Table of contents _uhttp://www.loc.gov/catdir/toc/wiley022/2002275427.html |
| 942 |
_cTB _k003 WIL _2ddc |
||
| 999 |
_c8944 _d8944 |
||